00469nam a2200181 a 4500001001300000003000900013005001700022008004100039020001000080082001700090100002000107245002200127260003800149300000900187500003500196505001600231650004000247nice12345678IN_TiNIC20260116011900.0050524s1898 luca grp 000 0 urd  ac10000a297.09bKHA1 aKhan, Muhiuddin aTahqeeq-Ul-Abham. aLucknowbMunshi Nol Kishorec1898 a48p. aincludes index and biblioraphy2 aIllustrated aIslam-History-Chronological Dispute